Deformace svobodných trhů

Charakteristika slobodného trhu. Úloha štátu zabezpečiť slobodu pred korupciou. Regulácia trhu. Neviditeľná ruka trhu. Dopady deformácie trhu.

Salvato in:
Dettagli Bibliografici
Autore principale: Zelený, Milan
Natura: Capitolo di libro
Lingua:ceco
Soggetti:
Tags: Aggiungi Tag
Nessun Tag, puoi essere il primo ad aggiungerne!!

MARC

LEADER 00000naa a2200000 4500
001 0173961
005 20231211093341.3
041 0 |a cze 
044 |a CZ 
245 1 0 |a Deformace svobodných trhů  |c Milan Zelený 
520 |a Charakteristika slobodného trhu. Úloha štátu zabezpečiť slobodu pred korupciou. Regulácia trhu. Neviditeľná ruka trhu. Dopady deformácie trhu. 
610 2 0 |a trh 
610 2 0 |a trh voľný 
610 2 0 |a regulácia trhu 
610 2 0 |a štát 
610 2 0 |a korupcia 
610 2 0 |a špekulácie 
100 1 |a Zelený, Milan